[Event "RUS-chT Men Rapid 2019"]
[Site "Sochi"]
[Date "2019.10.19"]
[Round "7.23"]
[White "Keosidi, Konstantin"]
[Black "Moiseenko, Vadim"]
[Result "0-1"]
[WhiteElo "2400"]
[BlackElo "2532"]
[Annotator "ChessBase"]
[PlyCount "88"]
[EventDate "2019.10.18"]
[EventType "swiss"]
[EventCountry "RUS"]
[SourceTitle "playchess.com"]
[Source "ChessBase"]
[SourceQuality "1"]
[TimeControl "900+10"]

1. e4 {[%emt 0:00:00]} e5 {[%emt 0:00:00]} 2. Nf3 {[%emt 0:00:00]} Nc6 {[%emt 0:00:00]} 3. Nc3 {[%emt 0:00:00]} Nf6 {[%emt 0:00:00]} 4. d4 {[%emt 0:00:01]} exd4 {[%emt 0:00:00]} 5. Nxd4 {[%emt 0:00:02]} Bc5 {[%emt 0:00:01]} 6. Be3 {[%emt 0:00:02]} Bb6 {[%emt 0:00:01]} 7. Qd2 {[%emt 0:02:16]} Ng4 {[%emt 0:00:11]} 8. Nf5 {[%emt 0:01:13]} Nxe3 {[%emt 0:00:04]} 9. Nxe3 {[%emt 0:00:05]} O-O {[%emt 0:00:03]} 10. O-O-O {[%emt 0:00:36]} d6 {[%emt 0:00:01]} 11. Kb1 {[%emt 0:01:12]} Be6 {[%emt 0:00:09]} 12. f4 {[%emt 0:00:24]} f6 {[%emt 0:00:10]} 13. Bc4 {[%emt 0:00:20]} Qd7 {[%emt 0:00:06]} 14. Rhe1 {[%emt 0:00:51]} Rae8 {[%emt 0:00:16]} 15. Ned5 {[%emt 0:00:38]} Ba5 {[%emt 0:00:05]} 16. a3 {[%emt 0:00:21]} Kh8 {[%emt 0:00:05]} 17. h3 {[%emt 0:00:05]} Ne7 {[%emt 0:01:23]} 18. b4 {[%emt 0:01:21]} Bb6 {[%emt 0:00:04]} 19. Re2 {[%emt 0:01:56]} Nxd5 {[%emt 0:01:25]} 20. Nxd5 {[%emt 0:00:06]} Rd8 {[%emt 0:02:40]} 21. g4 {[%emt 0:00:53]} Rfe8 {[%emt 0:00:24]} 22. Qc3 {[%emt 0:00:53]} c6 {[%emt 0:00:45]} 23. Nxb6 {[%emt 0:00:03]} axb6 {[%emt 0:00:01]} 24. Red2 {[%emt 0:03:13]} Qe7 {[%emt 0:01:39]} 25. Bf1 {[%emt 0:00:55]} Bg8 {[%emt 0:00:07]} 26. Bg2 {[%emt 0:00:07]} Rd7 {[%emt 0:00:20]} 27. h4 {[%emt 0:00:13]} Ra8 {[%emt 0:00:16]} 28. g5 {[%emt 0:00:42]} fxg5 {[%emt 0:00:06]} 29. fxg5 {[%emt 0:00:37]} Rdd8 {[%emt 0:00:14]} 30. e5 {[%emt 0:00:16]} d5 {[%emt 0:00:38]} 31. Qe3 {[%emt 0:00:04]} Re8 {[%emt 0:01:08]} 32. Re1 {[%emt 0:00:13]} c5 {[%emt 0:00:31]} 33. bxc5 {[%emt 0:00:06]} bxc5 {[%emt 0:00:01]} 34. Bxd5 {[%emt 0:00:02]} c4 {[%emt 0:00:02]} 35. Kb2 {[%emt 0:00:19]} Rec8 {[%emt 0:00:31]} 36. Qc3 {[%emt 0:00:22]} Rxa3 {[%emt 0:00:05]} 37. Qxa3 {[%emt 0:00:16]} c3+ {[%emt 0:00:01]} 38. Qxc3 {[%emt 0:00:02]} Rxc3 {[%emt 0:00:02]} 39. Kxc3 {[%emt 0:00:01]} Qc5+ {[%emt 0:00:11]} 40. Kd3 {[%emt 0:00:09]} Qxd5+ {[%emt 0:00:17]} 41. Ke2 {[%emt 0:00:18]} Qxe5+ {[%emt 0:00:03]} 42. Kd1 {[%emt 0:00:00]} Qa1+ {[%emt 0:01:03]} 43. Ke2 {[%emt 0:00:01]} Qa4 {[%emt 0:00:04]} 44. Rd8 {[%emt 0:00:47]} Qxh4 {[%emt 0:00:14]} 0-1

[Event "RUS-chT Men Rapid 2019"]
[Site "Sochi"]
[Date "2019.10.19"]
[Round "7.24"]
[White "Rozum, Ivan"]
[Black "Dianov, Alexey"]
[Result "1-0"]
[WhiteElo "2599"]
[BlackElo "2158"]
[Annotator "ChessBase"]
[PlyCount "85"]
[EventDate "2019.10.18"]
[EventType "swiss"]
[EventCountry "RUS"]
[SourceTitle "playchess.com"]
[Source "ChessBase"]
[SourceQuality "1"]
[TimeControl "900+10"]

1. c4 {[%emt 0:00:00]} e5 {[%emt 0:00:00]} 2. Nc3 {[%emt 0:00:00]} Nc6 {[%emt 0:00:00]} 3. Nf3 {[%emt 0:00:00]} Nf6 {[%emt 0:00:08]} 4. e3 {[%emt 0:00:04]} g6 {[%emt 0:00:37]} 5. d4 {[%emt 0:00:29]} d6 {[%emt 0:00:12]} 6. g3 {[%emt 0:01:24]} Bg7 {[%emt 0:00:02]} 7. Bg2 {[%emt 0:00:01]} O-O {[%emt 0:00:04]} 8. O-O {[%emt 0:00:02]} Bf5 {[%emt 0:01:19]} 9. d5 {[%emt 0:00:19]} Nb4 {[%emt 0:01:32]} 10. Ne1 {[%emt 0:00:17]} a5 {[%emt 0:00:15]} 11. e4 {[%emt 0:00:05]} Bd7 {[%emt 0:00:37]} 12. a3 {[%emt 0:00:21]} Na6 {[%emt 0:00:01]} 13. Rb1 {[%emt 0:00:02]} Nc5 {[%emt 0:00:59]} 14. b4 {[%emt 0:00:55]} axb4 {[%emt 0:00:02]} 15. axb4 {[%emt 0:00:01]} Na4 {[%emt 0:00:02]} 16. Nxa4 {[%emt 0:00:03]} Rxa4 {[%emt 0:00:22]} 17. Nc2 {[%emt 0:00:48]} Qa8 {[%emt 0:00:43]} 18. Bb2 {[%emt 0:00:13]} Qa6 {[%emt 0:00:28]} 19. Qd3 {[%emt 0:00:10]} Ra8 {[%emt 0:02:25]} 20. Ra1 {[%emt 0:00:56]} Qb6 {[%emt 0:00:08]} 21. h3 {[%emt 0:00:15]} Nh5 {[%emt 0:00:31]} 22. Rxa4 {[%emt 0:00:25]} Rxa4 {[%emt 0:00:02]} 23. Ra1 {[%emt 0:00:05]} Qa7 {[%emt 0:00:33]} 24. Ra3 {[%emt 0:01:17]} f5 {[%emt 0:00:35]} 25. Qb3 {[%emt 0:01:09]} Nf6 {[%emt 0:01:04]} 26. exf5 {[%emt 0:00:01]} gxf5 {[%emt 0:00:03]} 27. c5 {[%emt 0:00:16]} Rxa3 {[%emt 0:00:12]} 28. Nxa3 {[%emt 0:00:11]} Qa4 {[%emt 0:00:37]} 29. Qxa4 {[%emt 0:00:41]} Bxa4 {[%emt 0:00:02]} 30. Nc4 {[%emt 0:00:06]} Bb3 {[%emt 0:00:56]} 31. Ne3 {[%emt 0:00:15]} f4 {[%emt 0:01:20]} 32. gxf4 {[%emt 0:00:10]} exf4 {[%emt 0:00:01]} 33. Nf5 {[%emt 0:00:01]} Bh8 {[%emt 0:00:50]} 34. c6 {[%emt 0:04:43]} bxc6 {[%emt 0:01:27]} 35. dxc6 {[%emt 0:00:02]} Be6 {[%emt 0:00:40]} 36. Nd4 {[%emt 0:00:49]} Ne8 {[%emt 0:00:12]} 37. Nxe6 {[%emt 0:00:30]} Bxb2 {[%emt 0:00:05]} 38. b5 {[%emt 0:00:12]} Kf7 {[%emt 0:01:15]} 39. Nxc7 {[%emt 0:00:23]} Bd4 {[%emt 0:00:56]} 40. Na8 {[%emt 0:00:21]} Ke7 {[%emt 0:00:12]} 41. c7 {[%emt 0:00:02]} Kd7 {[%emt 0:00:02]} 42. Bc6+ {[%emt 0:00:01]} Kc8 {[%emt 0:00:02]} 43. Bxe8 {[%emt 0:00:04]} 1-0

[Event "RUS-chT Men Rapid 2019"]
[Site "Sochi"]
[Date "2019.10.19"]
[Round "7.25"]
[White "Alexeev, Alexey"]
[Black "Kokarev, Dmitry"]
[Result "0-1"]
[WhiteElo "2252"]
[BlackElo "2593"]
[Annotator "TA"]
[PlyCount "142"]
[EventDate "2019.10.18"]
[EventType "swiss"]
[EventCountry "RUS"]
[SourceTitle "playchess.com"]
[Source "ChessBase"]
[SourceQuality "1"]

{[%evp 10,141,18,19,31,32,35,31,38,24,25,22,30,27,33,24,10,0,8,0,0,0,0,3,18,0,0,-7,-7,-6,-7,-7,0,0,0,-7,0,0,-10,-8,0,0,0,0,0,-7,-2,-4,0,0,0,0,0,-8,-12,-8,0,-8,-8,-8,-2,-33,-33,-33,-25,-26,-26,-50,-50,-58,-55,-77,-67,-67,-77,-75,-71,-83,-83,-92,-92,-94,-33,-90,-81,-83,-84,-94,-93,-97,-49,-135,-71,-71,-72,-73,-66,-66,-66,-68,-41,-50,-51,-124,-117,-104,-115,-134,-142,-141,-80,-80,-80,-87,-64,-91,-68,-184,-183,-181,-184,-215,-184,-1687,-2178,-1886,-1697,-29990,-29991,-29991,-29992,-29992,-29992,-29999]} 1. e4 c5 2. Nf3 d6 3. Bb5+ Bd7 4. Bxd7+ Qxd7 5. c4 Nf6 6. Nc3 g6 {B52: Sicilian: Moscow Variation with 3...Bd7} 7. d4 cxd4 8. Nxd4 Bg7 {White is slightly better.} 9. b3 (9. f3 O-O 10. Be3 Nc6 11. O-O a6 12. Qd3 Rac8 13. b3 e6 14. Rad1 Rfd8 15. Nde2 b5 16. cxb5 Ne5 17. Qd2 axb5 18. Bb6 Re8 19. Qxd6 Qxd6 20. Rxd6 {½-½ (63) Vachier Lagrave,M (2774)-Wei,Y (2721) chess.com INT 2019}) 9... Nc6 10. Bb2 Qg4 11. Qxg4 Nxg4 12. Nxc6 bxc6 13. Ke2 O-O $146 ({Predecessor:} 13... Nf6 14. Na4 O-O 15. f3 c5 16. e5 Nd7 17. exd6 exd6 18. Bxg7 Kxg7 {1-0 (50) Sandipan,C (2656)-Marjanovic,S (2469) Kavala 2011}) 14. f3 Ne5 15. Na4 f5 16. exf5 gxf5 17. Rhe1 c5 18. f4 Nc6 19. Bxg7 Kxg7 20. Kf2 Kf7 21. Re3 Rg8 22. Rae1 Rg4 23. g3 h5 24. Nc3 a5 25. Nd5 {[%cal Rd5e7]} Ra7 26. R1e2 h4 27. Re6 hxg3+ 28. hxg3 Rg6 29. Rxg6 Kxg6 $11 {[%mdl 4096] Endgame KRN-KRN} 30. Nc3 Ra8 31. Re6+ Kg7 32. Kg2 Ra7 33. g4 fxg4 34. Kg3 Ra8 35. Kxg4 Rg8 {[#] White must now prevent ...Kf7+.} 36. Re1 Kf7+ 37. Kf3 Nd4+ 38. Kf2 Rg4 39. Re4 Rh4 40. Kg3 Nf5+ 41. Kg2 Rg4+ 42. Kf2 Rg3 43. Nd5 {[#] Nxe7! is the strong threat.} Rh3 {Hoping for ...Rh2+.} 44. Kg2 Rd3 45. Re2 Nh4+ (45... e6 $17 46. Nc7 Nd4) 46. Kh2 (46. Kf2 $15) 46... e6 $17 47. Nc7 Nf3+ 48. Kg2 Nd4 49. Rf2 Ke7 50. Na8 (50. Nb5 $15) 50... Kd7 (50... Nf5 $142 {Threatens to win with ...a4!} 51. Kf1 Ng3+ 52. Ke1 Ne4) 51. Nb6+ Kc6 52. Na4 Nf5 53. Re2 Kd7 54. Nb6+ Ke7 55. Nd5+ $1 Kf7 56. Nb6 ({White should play} 56. Nc7 $15) 56... Nd4 57. Rf2 Kf6 58. Nc8 Nf5 59. Re2 Nh4+ (59... Rd4 $142 60. Nb6 Rxf4 61. Nd7+ Ke7) 60. Kf2 Ng6 61. Re3 Rd2+ ({Much worse is} 61... Nxf4 $6 62. Rxd3 Nxd3+ 63. Ke3 $11) 62. Re2 Rd4 63. Kg3 ({Better is} 63. Ke3 $15) 63... Nxf4 $19 64. Rf2 Kg5 65. Ne7 e5 {And now ...Rd3+ would win.} 66. Nc6 $2 (66. Kf3) 66... Rd3+ 67. Kh2 e4 68. Nxa5 e3 {Black mates.} 69. Rf1 e2 70. Rg1+ Kf5 {[%csl Gf4][%cal Rd3h3]} 71. Nb7 Rh3# {Accuracy: White = 48%, Black = 73%.} 0-1

[Event "RUS-chT Men Rapid 2019"]
[Site "Sochi"]
[Date "2019.10.19"]
[Round "7.26"]
[White "Ulybin, Mikhail"]
[Black "Truskavetsky, Alexandr"]
[Result "1-0"]
[WhiteElo "2455"]
[BlackElo "2398"]
[Annotator "TA"]
[PlyCount "82"]
[EventDate "2019.10.18"]
[EventType "swiss"]
[EventCountry "RUS"]
[SourceTitle "playchess.com"]
[Source "ChessBase"]
[SourceQuality "1"]

{[%evp 15,82,22,22,14,8,0,24,-14,-2,-16,-20,-31,-4,-12,-13,-12,-4,-28,-2,-75,0,0,0,0,0,-12,0,-14,-17,-17,12,-28,0,-18,-22,-83,-82,-82,-84,-97,-94,-107,-77,-96,-48,-47,0,-11,52,0,9,9,17,17,140,122,260,170,306,270,318,311,274,210,295,289,437,396,456]} 1. e4 c6 2. d4 d5 3. Nd2 dxe4 4. Nxe4 Nf6 5. Nxf6+ exf6 6. c3 Bd6 7. Bd3 O-O 8. Ne2 Re8 9. h3 {B15: Caro-Kann: 3 Nc3: 3...g6 and 3...dxe4 4 Nxe4 Nf6 5 Nxf6+ exf6} Nd7 10. O-O Qc7 11. b4 $146 {White has an edge.} ({Predecessor:} 11. c4 Nf8 12. Qc2 Be6 13. Be3 Rad8 14. Rad1 Ng6 15. Nc3 Qc8 16. Rfe1 Nh4 {0-1 (38) Atabayev,Y (2455)-Kasimdzhanov,R (2698) Chengdu 2017}) 11... a5 12. Bd2 axb4 13. cxb4 Nb6 14. a4 Be6 15. Qc2 g6 16. Rfc1 Qd7 17. Nf4 (17. b5 $11) 17... Nd5 (17... Bxf4 $1 $17 18. Bxf4 Rxa4 19. Rxa4 Nxa4) 18. Nxe6 $11 Rxe6 19. b5 {[%cal Rb5c6]} Bf4 20. Bf1 Rd6 21. Rd1 Bxd2 22. Rxd2 Nf4 23. Rad1 Ne6 {[%cal Re6d4]} 24. bxc6 bxc6 {[%cal Re6d4]} 25. d5 (25. Qa2 $11) 25... cxd5 $17 26. Bb5 Qd8 27. Qb3 {[%cal Rd2d5]} d4 28. Qb4 Kg7 29. Bc4 Nf4 30. Qb7 Rd7 31. Qe4 $1 {[%cal Re4f4]} g5 (31... d3 $11 32. Bxd3 (32. Qxf4 Rxa4 33. g3 Qc8 $17) 32... Rd4) 32. g3 (32. Rxd4 $14 Rxd4 33. Rxd4) 32... Ng6 ({Much weaker is} 32... Nxh3+ $6 33. Kg2 $16) 33. Rxd4 Rxd4 34. Rxd4 Qa5 {[#]} (34... Qf8 $11 {remains equal.}) 35. Bxf7 $1 $16 Ra7 (35... f5 $16 36. Qd5 Ne5) 36. Bb3 Ne5 (36... Re7 {was necessary.} 37. Qd5 Qxd5 38. Rxd5 (38. Bxd5 Rd7 $16) 38... Ne5) 37. Kg2 Qc3 38. Bc2 Ng6 39. Rd8 Rc7 (39... Re7 {was worth a try.} 40. Qf5 Qc6+ 41. Kh2 Rc7) 40. Bd3 $18 Re7 (40... Qe5 $142 41. Qa8 Qe6) 41. Qa8 {[#] And now Rg8+ would win.} Qb3 {Accuracy: White = 44%, Black = 22%.} 1-0

[Event "RUS-chT Men Rapid 2019"]
[Site "Sochi"]
[Date "2019.10.19"]
[Round "7.27"]
[White "Linker, Mikhail"]
[Black "Pingin, Artem"]
[Result "1-0"]
[WhiteElo "2269"]
[BlackElo "2048"]
[Annotator "NA"]
[PlyCount "91"]
[EventDate "2019.10.18"]
[EventType "swiss"]
[EventCountry "RUS"]
[SourceTitle "playchess.com"]
[Source "ChessBase"]
[SourceQuality "1"]
[TimeControl "900+10"]

1. Nf3 {[%emt 0:00:00]} d5 {[%emt 0:00:00]} 2. d4 {[%emt 0:00:00]} Nf6 {[%emt 0:00:00]} 3. Bf4 {[%emt 0:00:00]} c5 {[%emt 0:00:00]} 4. c3 {[%emt 0:00:01]} Nc6 {[%emt 0:00:00]} 5. e3 {[%emt 0:00:03]} Qb6 {[%emt 0:00:00]} 6. Qb3 {[%emt 0:00:35]} c4 {[%emt 0:00:00]} 7. Qxb6 {[%emt 0:00:03]} axb6 {[%emt 0:00:00]} 8. Nbd2 {[%emt 0:00:21]} b5 {[%emt 0:00:11]} 9. Be2 {[%emt 0:00:22]} Bf5 {[%emt 0:00:27]} 10. O-O {[%emt 0:00:47]} h6 {[%emt 0:00:32]} 11. Ne5 {[%emt 0:00:34]} e6 {[%emt 0:01:45]} 12. g4 {[%emt 0:02:30]} Bh7 {[%emt 0:00:37]} 13. a3 {[%emt 0:00:03]} Nxe5 {[%emt 0:01:14]} 14. Bxe5 {[%emt 0:00:05]} Nd7 {[%emt 0:00:03]} 15. Bg3 {[%emt 0:00:02]} Nb6 {[%emt 0:00:10]} 16. Bf3 {[%emt 0:02:05]} Be7 {[%emt 0:01:07]} 17. e4 {[%emt 0:02:08]} Bg5 {[%emt 0:00:34]} 18. Rad1 {[%emt 0:02:56]} Bxd2 {[%emt 0:04:13]} 19. Rxd2 {[%emt 0:00:30]} dxe4 {[%emt 0:00:02]} 20. Bg2 {[%emt 0:00:03]} O-O {[%emt 0:00:14]} 21. Re1 {[%emt 0:00:24]} f5 {[%emt 0:00:22]} 22. Bd6 {[%emt 0:00:14]} Rfe8 {[%emt 0:03:15]} 23. f3 {[%emt 0:00:12]} exf3 {[%emt 0:01:37]} 24. Bxf3 {[%emt 0:00:03]} Nd5 {[%emt 0:01:26]} 25. Rxe6 {[%emt 0:02:02]} Rxe6 {[%emt 0:00:32]} 26. Bxd5 {[%emt 0:00:03]} Rae8 {[%emt 0:00:26]} 27. Rf2 {[%emt 0:00:07]} Kh8 {[%emt 0:00:24]} 28. Bxe6 {[%emt 0:00:03]} Rxe6 {[%emt 0:00:01]} 29. Be5 {[%emt 0:00:02]} fxg4 {[%emt 0:00:18]} 30. Rf7 {[%emt 0:00:06]} Rg6 {[%emt 0:00:10]} 31. Rxb7 {[%emt 0:00:08]} Bg8 {[%emt 0:00:04]} 32. Rxb5 {[%emt 0:00:09]} Kh7 {[%emt 0:00:12]} 33. Rb7 {[%emt 0:00:19]} Bd5 {[%emt 0:00:09]} 34. Rd7 {[%emt 0:00:08]} Bc6 {[%emt 0:00:01]} 35. Rc7 {[%emt 0:00:02]} Bd5 {[%emt 0:00:04]} 36. Rc5 {[%emt 0:01:10]} Bf7 {[%emt 0:00:32]} 37. d5 {[%emt 0:00:10]} Rb6 {[%emt 0:00:11]} 38. Rc7 {[%emt 0:00:07]} Kg6 {[%emt 0:00:02]} 39. d6 {[%emt 0:00:19]} Rxb2 {[%emt 0:00:02]} 40. d7 {[%emt 0:00:04]} Rb1+ {[%emt 0:00:24]} 41. Kf2 {[%emt 0:00:04]} Rb2+ {[%emt 0:00:12]} 42. Ke3 {[%emt 0:00:03]} Rb8 {[%emt 0:00:07]} 43. Rc6+ {[%emt 0:00:04]} Kf5 {[%emt 0:00:01]} 44. Bxb8 {[%emt 0:00:03]} Bd5 {[%emt 0:00:02]} 45. Rd6 {[%emt 0:00:06]} Be6 {[%emt 0:00:03]} 46. d8=Q {[%emt 0:00:04]} 1-0

[Event "RUS-chT Men Rapid 2019"]
[Site "Sochi"]
[Date "2019.10.19"]
[Round "7.28"]
[White "Garifullina, Leya"]
[Black "Pervakov, Sergey"]
[Result "1-0"]
[WhiteElo "2330"]
[BlackElo "2093"]
[Annotator "NA"]
[PlyCount "93"]
[EventDate "2019.10.18"]
[EventType "swiss"]
[EventCountry "RUS"]
[SourceTitle "playchess.com"]
[Source "ChessBase"]
[SourceQuality "1"]
[TimeControl "900+10"]

1. e4 {[%emt 0:00:00]} Nf6 {[%emt 0:00:00]} 2. e5 {[%emt 0:00:00]} Nd5 {[%emt 0:00:00]} 3. d4 {[%emt 0:00:00]} Nb6 {[%emt 0:00:00]} 4. c4 {[%emt 0:00:00]} d6 {[%emt 0:00:00]} 5. exd6 {[%emt 0:00:00]} cxd6 {[%emt 0:00:00]} 6. Nc3 {[%emt 0:00:00]} g6 {[%emt 0:00:00]} 7. Be3 {[%emt 0:00:01]} Bg7 {[%emt 0:00:00]} 8. Rc1 {[%emt 0:00:01]} O-O {[%emt 0:00:03]} 9. b3 {[%emt 0:00:01]} e5 {[%emt 0:00:40]} 10. dxe5 {[%emt 0:00:11]} dxe5 {[%emt 0:00:04]} 11. c5 {[%emt 0:00:13]} N6d7 {[%emt 0:00:48]} 12. Bc4 {[%emt 0:00:10]} Nc6 {[%emt 0:02:03]} 13. Nf3 {[%emt 0:00:08]} Nf6 {[%emt 0:02:19]} 14. Qxd8 {[%emt 0:00:47]} Rxd8 {[%emt 0:00:38]} 15. O-O {[%emt 0:01:19]} h6 {[%emt 0:01:33]} 16. h3 {[%emt 0:00:24]} Bf5 {[%emt 0:02:37]} 17. Rfd1 {[%emt 0:00:37]} e4 {[%emt 0:01:21]} 18. Nd4 {[%emt 0:00:08]} Nxd4 {[%emt 0:00:26]} 19. Bxd4 {[%emt 0:00:02]} h5 {[%emt 0:00:33]} 20. Nb5 {[%emt 0:01:07]} Ne8 {[%emt 0:01:43]} 21. Bxg7 {[%emt 0:00:02]} Kxg7 {[%emt 0:00:10]} 22. Nd4 {[%emt 0:01:01]} Nc7 {[%emt 0:00:50]} 23. Nxf5+ {[%emt 0:00:26]} gxf5 {[%emt 0:00:02]} 24. Rd6 {[%emt 0:00:17]} Rxd6 {[%emt 0:00:35]} 25. cxd6 {[%emt 0:00:02]} Ne6 {[%emt 0:01:26]} 26. Bxe6 {[%emt 0:00:09]} fxe6 {[%emt 0:00:01]} 27. Rc7+ {[%emt 0:00:01]} Kf6 {[%emt 0:00:12]} 28. Rxb7 {[%emt 0:00:02]} a5 {[%emt 0:00:32]} 29. d7 {[%emt 0:00:42]} Ke7 {[%emt 0:00:33]} 30. Kf1 {[%emt 0:00:17]} a4 {[%emt 0:00:03]} 31. b4 {[%emt 0:00:04]} Kd6 {[%emt 0:00:26]} 32. Ke2 {[%emt 0:00:38]} a3 {[%emt 0:00:15]} 33. Ra7 {[%emt 0:00:57]} Rg8 {[%emt 0:00:13]} 34. g3 {[%emt 0:00:04]} e5 {[%emt 0:00:11]} 35. b5 {[%emt 0:01:31]} Rd8 {[%emt 0:00:09]} 36. b6 {[%emt 0:01:06]} Rxd7 {[%emt 0:00:02]} 37. Rxa3 {[%emt 0:00:02]} Kc6 {[%emt 0:00:14]} 38. Rb3 {[%emt 0:00:02]} Rb7 {[%emt 0:00:10]} 39. Ke3 {[%emt 0:00:10]} Rxb6 {[%emt 0:00:21]} 40. Rxb6+ {[%emt 0:00:01]} Kxb6 {[%emt 0:00:01]} 41. g4 {[%emt 0:00:02]} fxg4 {[%emt 0:00:24]} 42. h4 {[%emt 0:00:01]} Kc5 {[%emt 0:00:11]} 43. Kxe4 {[%emt 0:00:02]} Kc4 {[%emt 0:00:07]} 44. Kxe5 {[%emt 0:00:08]} Kd3 {[%emt 0:00:06]} 45. Kf4 {[%emt 0:00:08]} Ke2 {[%emt 0:00:01]} 46. Kg3 {[%emt 0:00:01]} Kd3 {[%emt 0:00:14]} 47. f3 {[%emt 0:00:10]} 1-0

[Event "RUS-chT Men Rapid 2019"]
[Site "Sochi"]
[Date "2019.10.19"]
[Round "8.2"]
[White "Triapishko, Alexandr"]
[Black "Potkin, Vladimir"]
[Result "1/2-1/2"]
[WhiteElo "2514"]
[BlackElo "2583"]
[Annotator "ChessBase"]
[PlyCount "74"]
[EventDate "2019.10.18"]
[EventType "swiss"]
[EventCountry "RUS"]
[SourceTitle "playchess.com"]
[Source "ChessBase"]
[SourceQuality "1"]
[TimeControl "900+10"]

1. Nf3 {[%emt 0:00:00]} d5 {[%emt 0:00:00]} 2. g3 {[%emt 0:00:02]} g6 {[%emt 0:00:03]} 3. Bg2 {[%emt 0:00:26]} Bg7 {[%emt 0:00:02]} 4. d4 {[%emt 0:00:38]} Nf6 {[%emt 0:00:02]} 5. O-O {[%emt 0:00:03]} O-O {[%emt 0:00:03]} 6. c4 {[%emt 0:00:54]} c6 {[%emt 0:00:05]} 7. a4 {[%emt 0:00:19]} Bf5 {[%emt 0:01:11]} 8. Ne5 {[%emt 0:00:42]} Nbd7 {[%emt 0:02:45]} 9. cxd5 {[%emt 0:00:29]} cxd5 {[%emt 0:00:02]} 10. Nc3 {[%emt 0:00:30]} a5 {[%emt 0:03:30]} 11. Bf4 {[%emt 0:04:05]} e6 {[%emt 0:00:49]} 12. Nb5 {[%emt 0:01:20]} Nxe5 {[%emt 0:01:02]} 13. Bxe5 {[%emt 0:00:09]} Ne8 {[%emt 0:00:20]} 14. Rc1 {[%emt 0:01:26]} g5 {[%emt 0:01:52]} 15. Bxg7 {[%emt 0:01:43]} Kxg7 {[%emt 0:00:01]} 16. Qd2 {[%emt 0:00:09]} h6 {[%emt 0:00:15]} 17. Qe3 {[%emt 0:01:49]} Ra6 {[%emt 0:00:49]} 18. Rc5 {[%emt 0:00:19]} Nd6 {[%emt 0:00:27]} 19. Rfc1 {[%emt 0:00:30]} Nxb5 {[%emt 0:00:59]} 20. Rxb5 {[%emt 0:00:26]} Qd6 {[%emt 0:01:34]} 21. Rxb7 {[%emt 0:01:02]} Rb8 {[%emt 0:00:02]} 22. Rb5 {[%emt 0:00:35]} Rab6 {[%emt 0:01:20]} 23. Rcc5 {[%emt 0:00:05]} f6 {[%emt 0:00:23]} 24. Qc3 {[%emt 0:00:15]} Bg6 {[%emt 0:00:23]} 25. Qxa5 {[%emt 0:00:30]} Be8 {[%emt 0:00:02]} 26. Rxb6 {[%emt 0:00:32]} Qxb6 {[%emt 0:00:03]} 27. Qxb6 {[%emt 0:00:18]} Rxb6 {[%emt 0:00:00]} 28. a5 {[%emt 0:00:11]} Rxb2 {[%emt 0:00:02]} 29. Bf3 {[%emt 0:00:08]} f5 {[%emt 0:00:45]} 30. h3 {[%emt 0:00:08]} Ra2 {[%emt 0:00:35]} 31. Kg2 {[%emt 0:00:11]} Kf6 {[%emt 0:00:04]} 32. e3 {[%emt 0:00:13]} h5 {[%emt 0:00:09]} 33. g4 {[%emt 0:00:07]} fxg4 {[%emt 0:00:07]} 34. hxg4 {[%emt 0:00:01]} h4 {[%emt 0:00:00]} 35. e4 {[%emt 0:00:15]} dxe4 {[%emt 0:00:16]} 36. Bxe4 {[%emt 0:00:01]} Ra4 {[%emt 0:00:01]} 37. Bc6 {[%emt 0:00:25]} Bxc6+ {[%emt 0:00:04]} 1/2-1/2

[Event "RUS-chT Men Rapid 2019"]
[Site "Sochi"]
[Date "2019.10.19"]
[Round "8.3"]
[White "Savchenko, Boris"]
[Black "Moiseenko, Vadim"]
[Result "1-0"]
[WhiteElo "2581"]
[BlackElo "2532"]
[Annotator "ChessBase"]
[PlyCount "73"]
[EventDate "2019.10.18"]
[EventType "swiss"]
[EventCountry "RUS"]
[SourceTitle "playchess.com"]
[Source "ChessBase"]
[SourceQuality "1"]
[TimeControl "900+10"]

1. e4 {[%emt 0:00:00]} e5 {[%emt 0:00:00]} 2. Nf3 {[%emt 0:00:00]} Nc6 {[%emt 0:00:00]} 3. Bb5 {[%emt 0:00:00]} a6 {[%emt 0:00:00]} 4. Ba4 {[%emt 0:00:00]} Nf6 {[%emt 0:00:19]} 5. O-O {[%emt 0:00:02]} b5 {[%emt 0:00:06]} 6. Bb3 {[%emt 0:00:02]} Be7 {[%emt 0:00:04]} 7. a4 {[%emt 0:01:10]} Bb7 {[%emt 0:00:18]} 8. Re1 {[%emt 0:02:15]} O-O {[%emt 0:00:09]} 9. c3 {[%emt 0:00:06]} d5 {[%emt 0:00:34]} 10. exd5 {[%emt 0:00:02]} Nxd5 {[%emt 0:00:01]} 11. axb5 {[%emt 0:05:22]} axb5 {[%emt 0:00:01]} 12. Rxa8 {[%emt 0:00:02]} Bxa8 {[%emt 0:00:02]} 13. d4 {[%emt 0:01:30]} exd4 {[%emt 0:00:14]} 14. cxd4 {[%emt 0:00:57]} Bb4 {[%emt 0:01:29]} 15. Bd2 {[%emt 0:00:46]} Bxd2 {[%emt 0:03:02]} 16. Nbxd2 {[%emt 0:00:09]} Nf6 {[%emt 0:00:02]} 17. Ne4 {[%emt 0:02:34]} Nxe4 {[%emt 0:00:47]} 18. Rxe4 {[%emt 0:00:02]} Na5 {[%emt 0:00:10]} 19. Re3 {[%emt 0:01:01]} Nxb3 {[%emt 0:00:22]} 20. Rxb3 {[%emt 0:00:04]} Qd7 {[%emt 0:06:11]} 21. Rc3 {[%emt 0:00:03]} Rd8 {[%emt 0:00:26]} 22. h3 {[%emt 0:00:13]} h6 {[%emt 0:00:20]} 23. Qc1 {[%emt 0:00:08]} Qf5 {[%emt 0:00:56]} 24. Rc5 {[%emt 0:00:45]} Qf6 {[%emt 0:00:05]} 25. Ne5 {[%emt 0:00:42]} Rxd4 {[%emt 0:00:29]} 26. Rxb5 {[%emt 0:00:09]} Qd6 {[%emt 0:00:31]} 27. Rb8+ {[%emt 0:00:02]} Kh7 {[%emt 0:00:01]} 28. Rh8+ {[%emt 0:00:02]} Kxh8 {[%emt 0:00:05]} 29. Nxf7+ {[%emt 0:00:01]} Kh7 {[%emt 0:00:14]} 30. Nxd6 {[%emt 0:00:03]} cxd6 {[%emt 0:00:02]} 31. Qc3 {[%emt 0:00:31]} Rd1+ {[%emt 0:00:11]} 32. Kh2 {[%emt 0:00:01]} Be4 {[%emt 0:00:08]} 33. f3 {[%emt 0:00:23]} Bg6 {[%emt 0:00:02]} 34. b4 {[%emt 0:01:19]} d5 {[%emt 0:00:01]} 35. Qb3 {[%emt 0:00:08]} Rd3 {[%emt 0:00:01]} 36. Qb2 {[%emt 0:00:02]} Rd1 {[%emt 0:00:11]} 37. b5 {[%emt 0:00:05]} 1-0